<?xml version="1.0" encoding="UTF-8"?>
<record
    xmlns:xsi="http://www.w3.org/2001/XMLSchema-instance"
    xsi:schemaLocation="http://www.loc.gov/MARC21/slim http://www.loc.gov/standards/marcxml/schema/MARC21slim.xsd"
    xmlns="http://www.loc.gov/MARC21/slim">

  <leader>00750cam a22002297a 4500</leader>
  <datafield tag="999" ind1=" " ind2=" ">
    <subfield code="c">29442</subfield>
    <subfield code="d">29442</subfield>
  </datafield>
  <controlfield tag="001">17461580</controlfield>
  <controlfield tag="003">OSt</controlfield>
  <controlfield tag="005">20171205204600.0</controlfield>
  <controlfield tag="008">120913s2011    ke a          000 j eng  </controlfield>
  <datafield tag="010" ind1=" " ind2=" ">
    <subfield code="a">  2012311850</subfield>
  </datafield>
  <datafield tag="020" ind1=" " ind2=" ">
    <subfield code="a">9789966258045</subfield>
  </datafield>
  <datafield tag="040" ind1=" " ind2=" ">
    <subfield code="a">DLC</subfield>
    <subfield code="c">DLC</subfield>
  </datafield>
  <datafield tag="042" ind1=" " ind2=" ">
    <subfield code="a">lcode</subfield>
  </datafield>
  <datafield tag="050" ind1="0" ind2="0">
    <subfield code="a">MLCS 2012/00852 (P)</subfield>
  </datafield>
  <datafield tag="245" ind1="0" ind2="4">
    <subfield code="a">The high flier and other stories /</subfield>
    <subfield code="c">Jairus Omuteche (ed.).</subfield>
  </datafield>
  <datafield tag="246" ind1="1" ind2="4">
    <subfield code="a">The high flier &amp; other stories</subfield>
  </datafield>
  <datafield tag="260" ind1=" " ind2=" ">
    <subfield code="a">Nairobi, Kenya :</subfield>
    <subfield code="b">East African Educational Publishers Ltd.,</subfield>
    <subfield code="c">2011.</subfield>
  </datafield>
  <datafield tag="300" ind1=" " ind2=" ">
    <subfield code="a">xvi, 164 p. :</subfield>
    <subfield code="b">ill. ;</subfield>
    <subfield code="c">21 cm.</subfield>
  </datafield>
  <datafield tag="700" ind1="1" ind2=" ">
    <subfield code="a">Omuteche, Jairus.</subfield>
  </datafield>
  <datafield tag="906" ind1=" " ind2=" ">
    <subfield code="a">7</subfield>
    <subfield code="b">cbc</subfield>
    <subfield code="c">origode</subfield>
    <subfield code="d">4</subfield>
    <subfield code="e">ncip</subfield>
    <subfield code="f">20</subfield>
    <subfield code="g">y-gencatlg</subfield>
  </datafield>
  <datafield tag="942" ind1=" " ind2=" ">
    <subfield code="2">lcc</subfield>
    <subfield code="c">AFRICANA</subfield>
    <subfield code="h">PE 1128.A2 .A48 2011</subfield>
  </datafield>
  <datafield tag="952" ind1=" " ind2=" ">
    <subfield code="0">0</subfield>
    <subfield code="1">0</subfield>
    <subfield code="2">lcc</subfield>
    <subfield code="4">0</subfield>
    <subfield code="7">0</subfield>
    <subfield code="a">MUC</subfield>
    <subfield code="b">MUC</subfield>
    <subfield code="c">AFR</subfield>
    <subfield code="d">2017-12-05</subfield>
    <subfield code="e">PURCHASE (TEXTBOOK)</subfield>
    <subfield code="g">464.00</subfield>
    <subfield code="l">1</subfield>
    <subfield code="o">PE 1128.A2 .A48 2011</subfield>
    <subfield code="p">37602</subfield>
    <subfield code="r">2020-03-04</subfield>
    <subfield code="s">2020-03-04</subfield>
    <subfield code="w">2017-12-05</subfield>
    <subfield code="y">AFRICANA</subfield>
  </datafield>
  <datafield tag="952" ind1=" " ind2=" ">
    <subfield code="0">0</subfield>
    <subfield code="1">0</subfield>
    <subfield code="2">lcc</subfield>
    <subfield code="4">0</subfield>
    <subfield code="7">0</subfield>
    <subfield code="a">MUC</subfield>
    <subfield code="b">MUC</subfield>
    <subfield code="c">AFR</subfield>
    <subfield code="d">2017-12-05</subfield>
    <subfield code="e">PURCHASE (TEXTBOOK)</subfield>
    <subfield code="g">464.00</subfield>
    <subfield code="l">2</subfield>
    <subfield code="o">PE 1128.A2 .A48 2011</subfield>
    <subfield code="p">37603</subfield>
    <subfield code="r">2023-10-13</subfield>
    <subfield code="s">2023-10-13</subfield>
    <subfield code="w">2017-12-05</subfield>
    <subfield code="y">AFRICANA</subfield>
  </datafield>
  <datafield tag="952" ind1=" " ind2=" ">
    <subfield code="0">0</subfield>
    <subfield code="1">0</subfield>
    <subfield code="2">lcc</subfield>
    <subfield code="4">0</subfield>
    <subfield code="7">0</subfield>
    <subfield code="a">MUC</subfield>
    <subfield code="b">MUC</subfield>
    <subfield code="c">AFR</subfield>
    <subfield code="d">2017-12-05</subfield>
    <subfield code="e">PURCHASE (TEXTBOOK)</subfield>
    <subfield code="g">464.00</subfield>
    <subfield code="l">0</subfield>
    <subfield code="o">PE 1128.A2 .A48 2011</subfield>
    <subfield code="p">37604</subfield>
    <subfield code="r">2017-12-05</subfield>
    <subfield code="w">2017-12-05</subfield>
    <subfield code="y">AFRICANA</subfield>
  </datafield>
  <datafield tag="952" ind1=" " ind2=" ">
    <subfield code="0">0</subfield>
    <subfield code="1">0</subfield>
    <subfield code="2">lcc</subfield>
    <subfield code="4">0</subfield>
    <subfield code="7">0</subfield>
    <subfield code="a">MUC</subfield>
    <subfield code="b">MUC</subfield>
    <subfield code="c">AFR</subfield>
    <subfield code="d">2017-12-05</subfield>
    <subfield code="e">PURCHASE (TEXTBOOK)</subfield>
    <subfield code="g">464.00</subfield>
    <subfield code="l">0</subfield>
    <subfield code="o">PE 1128.A2 .A48 2011</subfield>
    <subfield code="p">17195</subfield>
    <subfield code="r">2020-03-04</subfield>
    <subfield code="w">2017-12-05</subfield>
    <subfield code="y">AFRICANA</subfield>
  </datafield>
</record>
